| Tag |
First Indicator |
Second Indicator |
Subfields |
| LEADER |
00000cam a2200000 a 4500 |
| 001 |
in00000070087 |
| 005 |
20230718110225.0 |
| 008 |
850704s1980 onca b 000 0 eng |
| 015 |
|
|
|a 850080940
|2 can
|
| 015 |
|
|
|a C85-8094-0
|
| 016 |
|
|
|a (AMICUS)000002513426
|
| 019 |
|
|
|a 8295825
|
| 020 |
|
|
|a 088898023X
|
| 020 |
|
|
|a 9780888980236
|
| 029 |
1 |
|
|a NZ1
|b 321284
|
| 029 |
1 |
|
|a NZ1
|b 2594291
|
| 029 |
1 |
|
|a AU@
|b 000004520315
|
| 029 |
0 |
|
|a NLC
|b 000002513426
|
| 035 |
|
|
|a (OCoLC)ocm16053934
|
| 035 |
|
|
|a (OCoLC)16053934
|z (OCoLC)8295825
|
| 035 |
|
|
|a (OCoLC)ocm16053934
|
| 040 |
|
|
|a NLC
|b eng
|c NLC
|d TOL
|d NLC
|d OCLCF
|d NZ1
|d OCLCO
|
| 050 |
|
4 |
|a TA652
|b .G74x
|
| 055 |
0 |
1 |
|a TA652.G65
|
| 082 |
0 |
4 |
|a 624.1/71/028542
|2 19
|
| 084 |
|
|
|a cci1icc
|2 lacc
|
| 100 |
1 |
|
|a Grierson, Donald E.,
|d 1939-
|
| 245 |
1 |
0 |
|a Paulp 2 :
|b a plastic analysis computer program user manual /
|c D.E. Grierson.
|
| 260 |
|
|
|a Waterloo, Ont. :
|b Solid Mechanics Division, University of Waterloo,
|c c1980.
|
| 300 |
|
|
|a vi, 69 p. :
|b ill. ;
|c 23 cm.
|
| 336 |
|
|
|a text
|b txt
|2 rdacontent
|
| 337 |
|
|
|a unmediated
|b n
|2 rdamedia
|
| 338 |
|
|
|a volume
|b nc
|2 rdacarrier
|
| 490 |
0 |
|
|a SM special publication
|
| 504 |
|
|
|a Bibliography: p. 37.
|
| 650 |
|
0 |
|a Paulp 2 (Computer program)
|
| 650 |
|
0 |
|a Plastic analysis (Engineering)
|x Computer programs.
|
| 650 |
|
0 |
|a Elastic analysis (Engineering)
|x Computer programs.
|
| 650 |
|
0 |
|a Structural engineering
|x Computer programs.
|
| 650 |
|
6 |
|a Paulp 2 (Programme d'ordinateur)
|
| 650 |
|
6 |
|a Analyse plastique (Ingénierie)
|x Logiciels.
|
| 650 |
|
6 |
|a Analyse élastique (Ingénierie)
|x Logiciels.
|
| 650 |
|
6 |
|a Technique de la construction
|x Logiciels.
|
| 650 |
|
7 |
|a Elastic analysis (Engineering)
|x Computer programs.
|2 fast
|0 (OCoLC)fst00904184
|
| 650 |
|
7 |
|a Structural engineering
|x Computer programs.
|2 fast
|0 (OCoLC)fst01135660
|
| 710 |
2 |
|
|a University of Waterloo.
|b Solid Mechanics Division.
|
| 948 |
|
|
|h HELD BY TXA - 16 OTHER HOLDINGS
|
| 994 |
|
|
|a Z0
|b TXA
|
| 999 |
f |
f |
|s 62cae50c-fdaa-304e-8f65-0e641cf0ba0e
|i fee4cf60-c387-3bd2-9c99-dc638c12a6ab
|t 0
|
| 952 |
f |
f |
|p ric
|a Texas A&M University
|b Rellis Campus
|c Joint Library Facility
|s JLF
|d Remote Storage
|t 0
|e TA652 .G74
|h Library of Congress classification
|i unmediated -- volume
|m A14806243271
|